| 000 | 01321cam a22003255i 4500 | ||
|---|---|---|---|
| 001 | 18047669 | ||
| 003 | EG-ScBUE | ||
| 005 | 20230103103414.0 | ||
| 008 | 140225t2013 caua f 001 0 eng d | ||
| 020 | _a9781600583377 (pbk.) | ||
| 020 | _a1600583377 (pbk.) | ||
| 040 |
_aQBX _beng _erda _cQBX _dOCLCO _dWIM _dA6Q _dOCLCQ _dYDXCP _dBTCTA _dUKMGB _dAU@ _dOCLCQ _dOCLCF _dDLC _dEG-ScBUE |
||
| 082 | 0 | 4 |
_a741.24 _222 _bART |
| 245 | 0 | 4 |
_aThe art of colored pencil drawing / _cwith Pat Averill [and three others] |
| 246 | 3 | 4 |
_aThe art of colored pencil drawing : _bdiscover techniques for creating beautiful works of art in colored pencil |
| 264 | 1 |
_aIrvine, CA : _bWalter Foster, _c[2013] |
|
| 264 | 4 | _cc2013 | |
| 300 |
_a144 pages : _billustrations (some color) ; _c30 cm |
||
| 336 |
_2rdacontent _atext _btxt |
||
| 337 |
_2rdamedia _aunmediated _bn |
||
| 338 |
_2rdacarrier _avolume _bnc |
||
| 500 | _aIncludes index. | ||
| 520 | _aOffers step-by-step instructions for completing twenty-seven colored pencil drawing projects, offering advice on appropriate supplies, color theory, and basic techniques in the medium. | ||
| 650 | 7 |
_aColored pencil drawing _xTechnique. _2BUEsh |
|
| 651 | _2BUEsh | ||
| 653 |
_bCOMAME _cJune2015 _cAugust2015 |
||
| 655 | _vReading book | ||
| 700 | 1 |
_aAverill, Pat, _eauthor. |
|
| 942 |
_2ddc _cBB |
||
| 999 |
_c19645 _d19617 |
||